| 000 | 009260000a22002530004500 | ||
|---|---|---|---|
| 003 | LK-CoMWRAF | ||
| 008 | 230817t ||||| |||| 00| 0 eng d | ||
| 040 |
_aLK-CoMWRAF _dLK-CoMWRAF _eLK-CoMWRAF |
||
| 041 | _aeng | ||
| 082 |
_a340 _bTHI |
||
| 100 | _aThiruchandran, Selvy | ||
| 245 |
_aPennurimaiyin Parimanankalum Pennadimaiyin Vilakkamum _b |
||
| 250 | _a2nd Edition | ||
| 260 |
_bWomen's Education & Research Centre (WERC) _aSri Lanka (Colombo 06) _c1993 |
||
| 300 | _ap.63 | ||
| 650 | _aAnn Pen Inawariyaga Amainda Welaippirivinai | ||
| 650 | _aIlangaiyin Chirukathiyil Penmai | ||
| 650 | _aKalaigalil Pen | ||
| 650 | _aPen Tholilali | ||
| 650 | _aPen Widudalai Waathaththin Pirachchinai Maiyam, Ada Oru Melaitheyak Koatpada?Pengalin Tholirchanga Eidupattirkuth Thaliayaga Nirkum Kalasaram Panbukal | ||
| 650 | _aPenmaiyin Yadaarththamum Karpanaawadamum | ||
| 650 | _aPennurimai - Oru Vilakkam | ||
| 942 | _cBK | ||
| 999 |
_c1586 _d1586 |
||